000 00985nam a22002657a 4500
005 20121127143816.0
008 121127t xxu||||| |||| 00| 0 eng d
010 _aENG-106233
020 _a9781259006500
_c550.00
020 _a1259006506
_c550.00
035 _aEN-89766
037 _bDBAD/PUB
040 _aDPL
_bEng
082 _a621.38
100 _aParekh, Ranjan
_953880
245 0 0 _aPrinciples of multimedia /
_cby Ranjan Parekh
250 _a2nd ed
260 _aNew Delhi
_bTata McGraw-Hill
_c2013
270 _a7 West Patel Nagar
_bNew Delhi
_e110008
300 _axxvi,825p.[8p. of plates] :
_bill. (some chiefly col.)
_c24cm(Hb)
500 _aIncludes index
942 _2ddc
_cEN
_h621.38
_mPAR
999 _c71681
_d71681